|
|
|
|
| LEADER |
00000nab a2200000 a 4500 |
| 001 |
vtls001488773 |
| 003 |
SK-MaSNL |
| 005 |
20260303075449.0 |
| 008 |
140328c2004 xo zr|p|||||||000 b|slo |
| 015 |
|
|
|a SNBRB2005/1
|2 snkbucl
|
| 038 |
|
|
|a SNKBUCL
|
| 040 |
|
|
|a SNKBUCL
|b slo
|c SNKBUCL
|e AACR2
|
| 041 |
0 |
|
|a slo
|
| 044 |
|
|
|a xo
|c SK
|
| 080 |
|
|
|a 339.138-051
|2 1997
|
| 080 |
|
|
|a 677.533
|x (437.6)
|2 1997
|
| 100 |
1 |
|
|a Petránsky, Ľudovít,
|d 1943-2021
|4 ivr
|4 aut
|9 92780
|
| 245 |
1 |
0 |
|a Bez škrabancov na vzťahoch
|b "ženy by mali vedieť svoje necnosti ustáť aj vo svetle mužov," hovorí Anna Vraštiaková
|c [zhováral sa] Ľudo Petránsky
|
| 300 |
|
|
|b Fotogr.
|
| 600 |
1 |
7 |
|a Vraštiaková, Anna
|2 snkbucl
|9 1079993
|
| 610 |
2 |
7 |
|a BC Torsion Groupe Dirickx (Slovensko)
|2 snkbucl
|9 1079994
|
| 700 |
1 |
|
|a Vraštiaková, Anna
|4 ive
|9 1079993
|
| 773 |
0 |
|
|t ASB
|g Roč. XI, č. 8 (2004), s. 48-51
|x 1335-1230
|
| 852 |
|
|
|a SNK
|b KIS3GCP
|
| 999 |
|
|
|c 1775913
|d 1777843
|